00753nam a2200217Ia 4500001002300000003000900023008004100032040002300073041001300096100002400109240007100133245002400204250001500228260003000243300001900273490002500292501012400317520003500441700003500476700002400511270.8-RUF aq st (2769)IT-MiSPE171229s9999||||xx |||||||||||||| ||und|| aIT-MiSPEcIT-MiSPE aITALIANO aRufino di Aquileia  aContinuatio Eusebii Historiam (Historiae ecclesiasticae libri duo) 0aStoria della Chiesa a1a ed. (v) aRomabCittà Nuovac1986 a193 p. c20 cm aTesti patristiciv54 aEdizioni San Paolo srl - Piazza Soncino, 5 - 20092 CINISELLO BALSAMO (MI) (non commercial uses only) ® Copyright 2018 aLorenzo Dattrino (intr., note) aLorenzo Dattrinog(traduzione) aRufino di Concordia